[Event "Bosnjaci op 28th"]
[Site "Bosnjaci"]
[Date "2024.01.08"]
[Round "8"]
[White "Vasilijevic, Vili"]
[Black "Goric, Esad"]
[Result "1/2-1/2"]
[WhiteElo "1821"]
[BlackElo "2196"]
[PlyCount "132"]
[EventDate "2024.01.03"]
[EventType "swiss"]
[EventRounds "9"]
[EventCountry "CRO"]
[SourceTitle "CB02_2024"]
[SourceDate "2024.01.10"]
[SourceVersion "1"]
[SourceVersionDate "2024.01.10"]
[SourceQuality "1"]

1. d4 Nf6 2. Nc3 d6 3. e4 g6 4. f3 Bg7 5. Be3 0-0 6. Qd2 e5 7. Nge2 Nc6 8. d5 Ne7 9. g4 c6 10. g5 Ne8 11. 0-0-0 cxd5 12. Nxd5 Nxd5 13. Qxd5 Qc7 14. Nc3 Be6 15. Qd2 a6 16. h4 f5 17. gxf6 Nxf6 18. Qxd6 Qf7 19. Bh3 Bxh3 20. Rxh3 Kh8 21. Bc5 Rfe8 22. Kb1 Rac8 23. Bb4 Qc4 24. Ba5 Rc6 25. Qb4 Qe6 26. Rh2 b6 27. Rhd2 bxa5 28. Qxa5 Rcc8 29. Nd5 Nxd5 30. exd5 Qd6 31. Qa4 Rf8 32. Qg4 Rb8 33. c4 Rfe8 34. Rc2 Rbc8 35. Rg1 Rg8 36. Qe4 Rgf8 37. Qg4 Rce8 38. h5 Rf4 39. Qg2 e4 40. hxg6 exf3 41. Qh2 h6 42. c5 Qf6 43. Qf2 Qd4 44. d6 Qd5 45. Rgc1 Qc6 46. Rd1 Rd8 47. Qe3 Rf6 48. Qe7 Rd7 49. Qe8+ Rf8 50. Qe3 Rb7 51. b3 f2 52. Rf1 Rbb8 53. Rcxf2 Rfe8 54. Qd3 Qxc5 55. d7 Red8 56. Rf7 Qd4 57. Qxd4 Bxd4 58. Re7 Kg8 59. Rh1 Bf6 60. Rf7 Bg7 61. Re1 Bf8 62. Kc2 h5 63. Re4 Bg7 64. Ree7 Bf8 65. Re4 Bg7 66. Ree7 Bf8 1/2-1/2

[Event "Bosnjaci op 28th"]
[Site "Bosnjaci"]
[Date "2024.01.06"]
[Round "5"]
[White "Goric, Esad"]
[Black "Maravic, Ivan"]
[Result "1-0"]
[WhiteElo "2196"]
[BlackElo "1991"]
[PlyCount "51"]
[EventDate "2024.01.03"]
[EventType "swiss"]
[EventRounds "9"]
[EventCountry "CRO"]
[SourceTitle "CB02_2024"]
[SourceDate "2024.01.10"]
[SourceVersion "1"]
[SourceVersionDate "2024.01.10"]
[SourceQuality "1"]

1. Nf3 Nf6 2. b3 g6 3. Bb2 Bg7 4. e3 0-0 5. Be2 c5 6. 0-0 Nc6 7. c4 b6 8. d4 cxd4 9. Nxd4 Nxd4 10. Qxd4 Ne8 11. Qd2 Bxb2 12. Qxb2 Bb7 13. Nc3 Nf6 14. Rfd1 d6 15. Rac1 Qd7 16. h3 Rfd8 17. Nb5 a6 18. Nxd6 exd6 19. Qxf6 Rac8 20. Bg4 Qc6 21. Bf3 d5 22. Qxc6 Bxc6 23. cxd5 Bb7 24. e4 Rxc1 25. Rxc1 Rd7 26. Bg4 1-0

[Event "Bosnjaci op 28th"]
[Site "Bosnjaci"]
[Date "2024.01.06"]
[Round "6"]
[White "Konjevic, Nikola"]
[Black "Goric, Esad"]
[Result "1/2-1/2"]
[WhiteElo "2035"]
[BlackElo "2196"]
[PlyCount "107"]
[EventDate "2024.01.03"]
[EventType "swiss"]
[EventRounds "9"]
[EventCountry "CRO"]
[SourceTitle "CB02_2024"]
[SourceDate "2024.01.10"]
[SourceVersion "1"]
[SourceVersionDate "2024.01.10"]
[SourceQuality "1"]

1. e4 d5 2. exd5 Qxd5 3. Nc3 Qd6 4. d4 a6 5. g3 Nf6 6. Bg2 e6 7. Nf3 Be7 8. Bf4 Qd8 9. 0-0 0-0 10. Na4 Bd7 11. c4 Bc6 12. Nc3 b5 13. Qb3 bxc4 14. Qxc4 Bd6 15. Bg5 h6 16. Bxf6 Qxf6 17. d5 exd5 18. Nxd5 Bxd5 19. Qxd5 Nd7 20. b3 Nb6 21. Qa5 Rfe8 22. Rfe1 Re7 23. Rxe7 Bxe7 24. Re1 Bd6 25. Nd4 Rf8 26. Nf5 Nd7 27. Nxd6 Qxd6 28. Qd5 Rd8 29. Rc1 Qxd5 30. Bxd5 Nb8 31. Rc5 c6 32. Bc4 Rd7 33. Kf1 Kf8 34. Ke2 f6 35. Bd3 Ke7 36. Rc4 a5 37. Ra4 Rd5 38. Re4+ Kd6 39. Ke3 Nd7 40. Bc4 Re5 41. Kd4 f5 42. Rxe5 Nxe5 43. Be2 c5+ 44. Ke3 Nc6 45. Bc4 Ne5 46. h3 Nc6 47. Kf4 Nd4 48. h4 g6 49. Bf7 Ne2+ 50. Kf3 Nd4+ 51. Kf4 Ne2+ 52. Kf3 Nd4+ 53. Kf4 Ne2+ 54. Kf3 1/2-1/2

[Event "Bosnjaci op 27th"]
[Site "Bosnjaci"]
[Date "2023.01.09"]
[Round "9"]
[White "Sajin, Mirko"]
[Black "Goric, Esad"]
[Result "1/2-1/2"]
[WhiteElo "2154"]
[BlackElo "2243"]
[PlyCount "113"]
[EventDate "2023.01.03"]
[EventType "swiss"]
[EventRounds "9"]
[EventCountry "CRO"]
[SourceTitle "CBM 212 Extra"]
[Source "ChessBase"]
[SourceDate "2023.03.31"]
[SourceVersion "1"]
[SourceVersionDate "2023.03.31"]
[SourceQuality "1"]

1. e4 d5 2. exd5 Qxd5 3. Nc3 Qd6 4. Nf3 Nf6 5. d4 a6 6. a4 e6 7. Be2 Be7 8. 0-0 0-0 9. h3 b6 10. Ne5 Bb7 11. Bf3 c6 12. Nc4 Qc7 13. Ne2 Nd5 14. Ne5 c5 15. c4 Nf6 16. Bf4 Bxf3 17. Nxf3 Qb7 18. Qb3 cxd4 19. Nexd4 Nbd7 20. a5 Qe4 21. Qe3 Qxe3 22. Bxe3 bxa5 23. Rxa5 Rfc8 24. b3 Bb4 25. Ra2 Ne4 26. Rfa1 Ndc5 27. Ne5 f6 28. Nec6 Nxb3 29. Nxb4 Nxa1 30. Rxa1 Rxc4 31. Rxa6 Rxa6 32. Nxa6 e5 33. Nb3 Nc3 34. Nac5 Nd5 35. Bd2 Rc2 36. Kf1 Kf7 37. Ke1 Ra2 38. Nc1 Ra7 39. N1d3 Ra3 40. Ke2 Ne7 41. f4 exf4 42. Bxf4 Ra2+ 43. Kf3 Nf5 44. g3 g5 45. Be3 h5 46. Bf2 Nd6 47. Bd4 Rc2 48. Ne4 Ne8 49. h4 Kg6 50. hxg5 fxg5 51. g4 hxg4+ 52. Kxg4 Rg2+ 53. Kf3 Ra2 54. Kg4 Ra4 55. Ne5+ Kh6 56. Nf7+ Kg6 57. Ne5+ 1/2-1/2

[Event "Bosnjaci op 27th"]
[Site "Bosnjaci"]
[Date "2023.01.05"]
[Round "4"]
[White "Goric, Esad"]
[Black "Kukic, Lora"]
[Result "1-0"]
[WhiteElo "2243"]
[BlackElo "1945"]
[PlyCount "99"]
[EventDate "2023.01.03"]
[EventType "swiss"]
[EventRounds "9"]
[EventCountry "CRO"]
[SourceTitle "CBM 212 Extra"]
[Source "ChessBase"]
[SourceDate "2023.03.31"]
[SourceVersion "1"]
[SourceVersionDate "2023.03.31"]
[SourceQuality "1"]

1. c4 e5 2. g3 Nc6 3. Bg2 f5 4. Nc3 Nf6 5. e3 e4 6. d3 Bb4 7. d4 0-0 8. Nge2 d5 9. cxd5 Nxd5 10. 0-0 Nce7 11. a3 Bxc3 12. bxc3 b5 13. a4 c6 14. Ba3 Be6 15. Qc2 Qd7 16. Bc5 a5 17. Rfb1 Rfb8 18. Bf1 Nc8 19. Nf4 Nxf4 20. gxf4 Kf7 21. c4 bxc4 22. Bxc4 Bxc4 23. Qxc4+ Qd5 24. Qc2 Nd6 25. Bxd6 Qxd6 26. Rc1 Rc8 27. Qc5 Ke6 28. Rab1 g6 29. Rb6 Qxc5 30. Rxc5 Kd6 31. Kg2 Rc7 32. Kf1 Raa7 33. Kg2 Kd7 34. Kg3 Kd6 35. Kg2 Kd7 36. Kf1 Kd6 37. Ke2 Kd7 38. h4 Kd6 39. f3 Rab7 40. Rxb7 Rxb7 41. fxe4 fxe4 42. f5 Rb2+ 43. Kf1 gxf5 44. Rxf5 Rh2 45. Rh5 Rh3 46. Kf2 Rh2+ 47. Kg3 Re2 48. Kf4 Ra2 49. Rxa5 Rh2 50. Rh5 1-0

[Event "Solta Amateur op"]
[Site "Grohote"]
[Date "2019.06.18"]
[Round "4"]
[White "Brigljevic, Milan"]
[Black "Goric, Esad"]
[Result "1/2-1/2"]
[WhiteElo "2181"]
[BlackElo "2265"]
[PlyCount "79"]
[EventDate "2019.06.15"]
[EventType "swiss"]
[EventRounds "9"]
[EventCountry "CRO"]
[SourceTitle "EXT 2020"]
[Source "ChessBase"]
[SourceDate "2019.10.17"]
[SourceVersion "1"]
[SourceVersionDate "2019.10.17"]
[SourceQuality "1"]

1. e4 e6 2. d3 d5 3. Nd2 c5 4. g3 Nf6 5. Bg2 Be7 6. Ngf3 Nc6 7. 0-0 0-0 8. Re1 b6 9. e5 Nd7 10. c3 Bb7 11. Nf1 b5 12. h4 Qc7 13. Bf4 d4 14. cxd4 Nxd4 15. Nxd4 cxd4 16. Rc1 Qb6 17. Qg4 Rfc8 18. Bh6 Bf8 19. h5 Kh8 20. Bf4 Rxc1 21. Rxc1 Nc5 22. Qe2 Bxg2 23. Kxg2 Qb7+ 24. Kg1 Na4 25. Nd2 Rc8 26. Rxc8 Qxc8 27. Nf3 Bc5 28. Ng5 Qg8 29. Ne4 h6 30. Qc2 Qf8 31. b3 Nc3 32. Nxc3 dxc3 33. Qxc3 Bb6 34. Qc6 Qd8 35. Qxb5 Qd4 36. Be3 Qa1+ 37. Kg2 Bxe3 38. fxe3 Qxa2+ 39. Kf3 Qb1 40. Ke2 1/2-1/2

[Event "Bosnjaci op 24th"]
[Site "Bosnjaci"]
[Date "2019.01.08"]
[Round "8"]
[White "Kovacevic, Blazimir"]
[Black "Goric, Esad"]
[Result "1/2-1/2"]
[WhiteElo "2488"]
[BlackElo "2260"]
[PlyCount "131"]
[EventDate "2019.01.03"]
[EventType "swiss"]
[EventRounds "9"]
[EventCountry "CRO"]
[SourceTitle "CBM 188 Extra"]
[Source "ChessBase"]
[SourceDate "2019.02.26"]
[SourceVersion "1"]
[SourceVersionDate "2019.02.26"]
[SourceQuality "1"]

1. c4 Nf6 2. Nc3 e5 3. g3 d6 4. Bg2 Be7 5. e3 0-0 6. Nge2 c6 7. d4 Nbd7 8. 0-0 Re8 9. b3 Qc7 10. h3 Nf8 11. Qc2 Bd7 12. Bb2 Rac8 13. Rad1 b5 14. c5 b4 15. cxd6 Bxd6 16. dxe5 Bxe5 17. Na4 c5 18. Bxe5 Qxe5 19. Nb2 Bf5 20. Qc1 Red8 21. f3 Qc7 22. g4 Bd7 23. Nc4 Bb5 24. f4 Ng6 25. Ng3 Ne8 26. Rxd8 Rxd8 27. Rf2 Ne7 28. Rc2 Nd5 29. Ne4 Nef6 30. Nxf6+ gxf6 31. Bxd5 Rxd5 32. Nb2 Qd6 33. g5 fxg5 34. e4 Rd4 35. Rxc5 Rd2 36. Rxg5+ Kf8 37. Qc5 Qxc5+ 38. Rxc5 Rxb2 39. Rxb5 Rxa2 40. Rxb4 a5 41. Ra4 Rb2 42. Rxa5 Rxb3 43. Kg2 Re3 44. e5 Kg7 45. Ra7 Kg6 46. Ra6+ Kg7 47. Ra7 Kg6 48. Ra6+ Kg7 49. h4 h6 50. Rb6 Kh7 51. h5 Kg7 52. Ra6 Rb3 53. Rc6 Ra3 54. Rd6 Rb3 55. Ra6 Rc3 56. Ra7 Kg8 57. Rb7 Ra3 58. f5 Ra5 59. Rb8+ Kg7 60. f6+ Kh7 61. Re8 Ra2+ 62. Kg3 Ra3+ 63. Kg4 Ra4+ 64. Kf3 Rf4+ 65. Kg3 Rg4+ 66. Kxg4 1/2-1/2

[Event "Bosnjaci op 24th"]
[Site "Bosnjaci"]
[Date "2019.01.03"]
[Round "1"]
[White "Jelic, Slavko"]
[Black "Goric, Esad"]
[Result "0-1"]
[WhiteElo "1675"]
[BlackElo "2260"]
[PlyCount "70"]
[EventDate "2019.01.03"]
[EventType "swiss"]
[EventRounds "9"]
[EventCountry "CRO"]
[SourceTitle "CBM 188 Extra"]
[Source "ChessBase"]
[SourceDate "2019.02.26"]
[SourceVersion "1"]
[SourceVersionDate "2019.02.26"]
[SourceQuality "1"]

1. d4 Nf6 2. Nf3 d6 3. c3 Nbd7 4. g3 e5 5. Bg2 e4 6. Nfd2 d5 7. e3 Bd6 8. b4 0-0 9. a4 Re8 10. Ba3 Nf8 11. b5 c6 12. Qb3 Be6 13. Bxd6 Qxd6 14. Qb4 Qd7 15. Nb3 Bh3 16. 0-0 Bxg2 17. Kxg2 Ne6 18. Nc5 Nxc5 19. Qxc5 cxb5 20. axb5 Rec8 21. Qb4 h5 22. Nd2 h4 23. Rac1 Nh7 24. c4 Ng5 25. Rg1 a5 26. Qb3 a4 27. Qb4 a3 28. c5 a2 29. Ra1 Qg4 30. Qb2 hxg3 31. fxg3 Qe2+ 32. Kh1 Qxe3 33. Rge1 Qd3 34. Kg2 e3 35. Nf1 Qe4+ 0-1

[Event "BIH-chT 17th"]
[Site "Jahorina"]
[Date "2018.06.08"]
[Round "7.4"]
[White "Radlovacki, Jovan"]
[Black "Goric, Esad"]
[Result "1-0"]
[WhiteElo "2305"]
[BlackElo "2271"]
[PlyCount "29"]
[EventDate "2018.06.02"]
[EventType "team-tourn"]
[EventRounds "9"]
[EventCountry "BIH"]
[SourceTitle "CBM 184 Extra"]
[Source "ChessBase"]
[SourceDate "2018.06.28"]
[SourceVersion "1"]
[SourceVersionDate "2018.06.28"]
[SourceQuality "1"]
[WhiteTeam "Bratunac"]
[BlackTeam "Zenica Celik"]
[WhiteTeamCountry "BIH"]
[BlackTeamCountry "BIH"]

1. e4 d5 2. exd5 Qxd5 3. Nc3 Qd6 4. d4 Nf6 5. Nf3 Bg4 6. h3 Bf5 7. g4 Bg6 8. Ne5 c6 9. Bf4 Qb4 10. Nc4 Ne4 11. a3 Nxc3 12. axb4 Nxd1 13. Nb6 e5 14. Bxe5 Nxb2 15. c3 1-0

[Event "Bosnjaci op 23rd"]
[Site "Bosnjaci"]
[Date "2018.01.08"]
[Round "8"]
[White "Goric, Esad"]
[Black "Ascic, Pero"]
[Result "1/2-1/2"]
[WhiteElo "2263"]
[BlackElo "2323"]
[PlyCount "22"]
[EventDate "2018.01.03"]
[EventType "swiss"]
[EventRounds "9"]
[EventCountry "CRO"]
[SourceTitle "CBM 182 Extra"]
[Source "ChessBase"]
[SourceDate "2018.02.23"]
[SourceVersion "1"]
[SourceVersionDate "2018.02.23"]
[SourceQuality "1"]

1. Nf3 d5 2. d4 Nf6 3. g3 Nbd7 4. Bg2 e6 5. c4 c6 6. Qc2 Be7 7. 0-0 0-0 8. b3 b6 9. Bb2 Bb7 10. cxd5 cxd5 11. Nbd2 Bc8 1/2-1/2

[Event "Bosnjaci op 23rd"]
[Site "Bosnjaci"]
[Date "2018.01.06"]
[Round "6"]
[White "Goric, Esad"]
[Black "Jovanovic, Zoran"]
[Result "0-1"]
[WhiteElo "2263"]
[BlackElo "2535"]
[PlyCount "50"]
[EventDate "2018.01.03"]
[EventType "swiss"]
[EventRounds "9"]
[EventCountry "CRO"]
[SourceTitle "CBM 182 Extra"]
[Source "ChessBase"]
[SourceDate "2018.02.23"]
[SourceVersion "1"]
[SourceVersionDate "2018.02.23"]
[SourceQuality "1"]

1. Nf3 g6 2. c4 Bg7 3. g3 c5 4. Bg2 Nc6 5. 0-0 d6 6. Nc3 e6 7. a3 Nge7 8. Rb1 0-0 9. b4 b6 10. Qc2 Bb7 11. e3 Qd7 12. Ne2 Rac8 13. Bb2 e5 14. b5 Nd8 15. d3 Ne6 16. Nc3 f5 17. e4 Rf7 18. Nd5 Rcf8 19. Qe2 Bc8 20. a4 Qd8 21. a5 f4 22. axb6 axb6 23. Ra1 Nxd5 24. cxd5 Nc7 25. Nd2 f3 0-1

[Event "CRO-chT1B 26th"]
[Site "Mali Losinj"]
[Date "2017.10.04"]
[Round "7.54"]
[White "Trbojevic, Mladen"]
[Black "Goric, Esad"]
[Result "1/2-1/2"]
[WhiteElo "2338"]
[BlackElo "2285"]
[PlyCount "79"]
[EventDate "2017.09.28"]
[EventType "team-tourn"]
[EventRounds "9"]
[EventCountry "CRO"]
[SourceTitle "EXT 2018"]
[Source "ChessBase"]
[SourceDate "2017.10.13"]
[SourceVersion "1"]
[SourceVersionDate "2017.10.13"]
[SourceQuality "1"]
[WhiteTeam "Strigova Stridon"]
[BlackTeam "Vinkovci"]
[WhiteTeamCountry "CRO"]
[BlackTeamCountry "CRO"]

1. e4 d5 2. exd5 Qxd5 3. Nf3 Nf6 4. Be2 c6 5. d4 Bg4 6. 0-0 e6 7. c4 Qd8 8. Be3 Be7 9. Nc3 0-0 10. h3 Bh5 11. g4 Bg6 12. Ne5 Nfd7 13. Nxg6 hxg6 14. Qd2 Na6 15. Rad1 Bb4 16. a3 Bxc3 17. Qxc3 Nc7 18. Bf4 Re8 19. Qg3 Rc8 20. Rfe1 a5 21. Qb3 b5 22. Bxc7 Qxc7 23. cxb5 cxb5 24. Bxb5 Red8 25. d5 Nc5 26. Qf3 exd5 27. Rxd5 Rxd5 28. Qxd5 Ne6 29. Qe5 Qa7 30. Rd1 Rc2 31. Qg3 Qc5 32. Bf1 Rxb2 33. a4 Rc2 34. Qe3 Qxe3 35. fxe3 Kf8 36. Rd5 Rc5 37. Rd7 Rc7 38. Rd5 Rc5 39. Rd7 Rc7 40. Rd5 1/2-1/2

[Event "CRO-chT1B 26th"]
[Site "Mali Losinj"]
[Date "2017.10.01"]
[Round "4.2"]
[White "Bilobrk, Franjo"]
[Black "Goric, Esad"]
[Result "1-0"]
[WhiteElo "2362"]
[BlackElo "2285"]
[PlyCount "106"]
[EventDate "2017.09.28"]
[EventType "team-tourn"]
[EventRounds "9"]
[EventCountry "CRO"]
[SourceTitle "EXT 2018"]
[Source "ChessBase"]
[SourceDate "2017.10.13"]
[SourceVersion "1"]
[SourceVersionDate "2017.10.13"]
[SourceQuality "1"]
[WhiteTeam "Bibinje Goran"]
[BlackTeam "Vinkovci"]
[WhiteTeamCountry "CRO"]
[BlackTeamCountry "CRO"]

1. d4 c5 2. d5 e5 3. e4 d6 4. Nc3 Nf6 5. Be2 Be7 6. Nf3 0-0 7. 0-0 Nbd7 8. a4 Re8 9. Nd2 Nf8 10. Nc4 Ng6 11. g3 Bf8 12. Kh1 Rb8 13. Bd3 b6 14. Qe2 a6 15. Na3 Ra8 16. Bd2 Ra7 17. Rab1 Nd7 18. Rg1 Nf6 19. b3 Kh8 20. f3 Be7 21. Nc4 Bf8 22. Ne3 Ng8 23. Rbf1 Be7 24. Ng2 Bf6 25. Rb1 Nf8 26. Rgf1 Nd7 27. Ne3 Nb8 28. Rbe1 Bd7 29. Nc4 Qc7 30. Ne3 Ne7 31. Ng4 Ng8 32. Nxf6 Nxf6 33. Nd1 Qb7 34. c4 Qc8 35. Nc3 Qd8 36. Bg5 h6 37. Bd2 Bc8 38. Qg2 Nh7 39. f4 Nd7 40. f5 Rg8 41. Be2 b5 42. cxb5 c4 43. Bxc4 Nc5 44. Be3 Ra8 45. Bxc5 dxc5 46. Rc1 Nf6 47. Qe2 Ne8 48. bxa6 Qb6 49. Qe3 Bxa6 50. Bxa6 Qxa6 51. Nb5 Nd6 52. Nc7 Qa7 53. Nxa8 Rxa8 1-0

[Event "BIH-chT 16th"]
[Site "Sarajevo"]
[Date "2017.08.31"]
[Round "9.5"]
[White "Goric, Esad"]
[Black "Dizdarevic, Emir"]
[Result "1/2-1/2"]
[WhiteElo "2285"]
[BlackElo "2457"]
[PlyCount "37"]
[EventDate "2017.08.24"]
[EventType "team-tourn"]
[EventRounds "9"]
[EventCountry "BIH"]
[SourceTitle "CBM 180 Extra"]
[Source "ChessBase"]
[SourceDate "2017.10.06"]
[SourceVersion "1"]
[SourceVersionDate "2017.10.06"]
[SourceQuality "1"]
[WhiteTeam "Konjic"]
[BlackTeam "Sarajevo Napredak"]
[WhiteTeamCountry "BIH"]
[BlackTeamCountry "BIH"]

1. Nf3 Nf6 2. c4 e6 3. g3 d5 4. d3 Be7 5. Bg2 0-0 6. Qc2 c5 7. 0-0 Nc6 8. a3 b6 9. Rd1 Bb7 10. Nc3 d4 11. Na2 a5 12. b3 Ra7 13. Bd2 Qc7 14. Qb2 e5 15. b4 axb4 16. axb4 Rfa8 17. bxc5 bxc5 18. Rab1 h6 19. Nc1 1/2-1/2

[Event "CRO Cup"]
[Site "Mali Losinj"]
[Date "2017.05.11"]
[Round "2.6"]
[White "Djurovic, Goran"]
[Black "Goric, Esad"]
[Result "1/2-1/2"]
[WhiteElo "2389"]
[BlackElo "2279"]
[PlyCount "159"]
[EventDate "2017.05.10"]
[EventType "team-swiss"]
[EventRounds "6"]
[EventCountry "CRO"]
[SourceTitle "CBM 178 Extra"]
[Source "ChessBase"]
[SourceDate "2017.06.22"]
[SourceVersion "1"]
[SourceVersionDate "2017.06.22"]
[SourceQuality "1"]
[WhiteTeam "Sesvete"]
[BlackTeam "Vinkovci"]
[WhiteTeamCountry "CRO"]
[BlackTeamCountry "CRO"]

1. Nf3 c5 2. e4 d6 3. d4 cxd4 4. Nxd4 a6 5. c4 b6 6. Nc3 Bb7 7. Be2 e6 8. 0-0 Nf6 9. f3 Be7 10. Be3 0-0 11. Qd2 Nbd7 12. Rfc1 Rc8 13. a4 Qc7 14. a5 bxa5 15. Nb3 a4 16. Nxa4 Nc5 17. Na5 Bc6 18. Nc3 Ba8 19. b4 Nb7 20. Nb3 Nd8 21. Rxa6 Bb7 22. Raa1 Ra8 23. Nb5 Qb8 24. Bb6 Ne8 25. Rxa8 Bxa8 26. Ba7 Qc8 27. Be3 Qb8 28. c5 d5 29. exd5 Bxd5 30. N3d4 Qb7 31. Nc3 Nf6 32. Nxd5 Nxd5 33. c6 Qa8 34. c7 Nb7 35. Nc6 Bd6 36. Bd4 Bxc7 37. Ne7+ Nxe7 38. Rxc7 Nf5 39. Bf2 Rd8 40. Rd7 Nfd6 41. Rxd8+ Qxd8 42. g4 Qc7 43. Kg2 Qc6 44. Qa2 h6 45. Qa8+ Kh7 46. Bd3+ f5 47. gxf5 Qd5 48. Bb1 exf5 49. Ba2 Qd2 50. h4 h5 51. b5 Nc5 52. Bg8+ Kg6 53. Qc6 Ncb7 54. b6 Kf6 55. Qd7 g5 56. hxg5+ Qxg5+ 57. Kh3 Qxg8 58. Bd4+ Kg6 59. Be5 Qf7 60. Qc6 Qc4 61. Qxc4 Nxc4 62. Bc7 f4 63. Kh4 Nd2 64. Bxf4 Nxf3+ 65. Kg3 Nd4 66. Bc7 Ne6 67. Kh4 Ng7 68. Kg3 Nf5+ 69. Kf4 Kf6 70. Be5+ Ke6 71. Bc7 Kf6 72. Be5+ Kg6 73. Bc7 Ne7 74. Ke5 h4 75. Kf4 Kh5 76. Kf3 Nd5 77. Bg3 h3 78. Be1 Nd6 79. b7 Nxb7 80. Kg3 1/2-1/2

[Event "BIH-chT 15th"]
[Site "Bihac"]
[Date "2016.07.19"]
[Round "4.1"]
[White "Nikolic, Predrag"]
[Black "Goric, Esad"]
[Result "1-0"]
[WhiteElo "2622"]
[BlackElo "2274"]
[PlyCount "62"]
[EventDate "2016.07.16"]
[EventType "team-tourn"]
[EventRounds "9"]
[EventCountry "BIH"]
[SourceTitle "CBM 173 Extra"]
[Source "ChessBase"]
[SourceDate "2016.08.29"]
[SourceVersion "1"]
[SourceVersionDate "2016.08.29"]
[SourceQuality "1"]
[WhiteTeam "Sarajevo Bosna"]
[BlackTeam "Konjic"]
[WhiteTeamCountry "BIH"]
[BlackTeamCountry "BIH"]

1. d4 Nf6 2. c4 d6 3. Nf3 Nbd7 4. Nc3 e5 5. e4 Be7 6. Be2 0-0 7. 0-0 c6 8. Re1 Re8 9. Bf1 Qc7 10. h3 Nf8 11. Be3 Ng6 12. Rc1 Bf8 13. a3 Bd7 14. b4 Rec8 15. Nd2 Qd8 16. Nb3 h6 17. c5 dxc5 18. Nxc5 Bxc5 19. bxc5 exd4 20. Bxd4 Ne8 21. Ne2 Nf8 22. Ng3 Nc7 23. f4 b6 24. f5 Be8 25. a4 bxc5 26. Rxc5 Qg5 27. Qf3 Nd7 28. Rc4 c5 29. Ba1 Nb6 30. Rcc1 Bxa4 31. e5 Nbd5 1-0